000
00310nam a22001337a 4500
008
181107b xxu||||| |||| 00| 0 eng d
020
_a
0534515991
041
_a
eng
080
_a
371
100
_a
46
101
_a
EDU
245
_a
College Reading with Active Critical Thinking
_c
Maker, J
942
_2
udc
_c
BK
999
_c
52217
_d
52217